[Event "Yingmei Cup CHN-chT 2017"]
[Site "?"]
[Date "2017.08.19"]
[Round "13"]
[White "Lan, Zilun"]
[Black "Yu, Yangyi"]
[Result "0-1"]
[WhiteElo "2357"]
[BlackElo "2750"]
[Annotator "TA"]
[PlyCount "76"]
[EventDate "2017.??.??"]
[SourceTitle "Wuxi"]

1. Nf3 d6 2. d4 g6 3. e4 Nf6 4. Nc3 Bg7 5. h3 O-O 6. Be3 a6 7. a4 Nc6 8. Be2 {
LiveBook: 61 Games} Re8 {B08: Pirc Defence: Classical System} (8... e5 9. dxe5
Nxe5 10. Nxe5 dxe5 11. Bc5 Re8 12. Qxd8 Rxd8 13. Bc4 Bf8 14. Bxf8 Kxf8 15. f3
a5 16. Rd1 Rxd1+ 17. Nxd1 {0-1 (38) Aleksandrov,A (2577)-Nepomniachtchi,I 
(2719) Almaty 2016}) 9. O-O e6 10. Qd2 b6 $146 {White is slightly better.} ({
Find the theoretical novelty and annotate with similar games:} 10... Nd7 11.
Rad1 Nb6 12. Rfe1 f5 13. exf5 exf5 14. Bg5 Qd7 15. Bf1 Rxe1 16. Rxe1 {1-0 (24)
Rissotti,L-Bravo,S (2020) Merida 1997}) 11. Rad1 Bb7 12. Bg5 Qc8 13. Rfe1 e5
14. dxe5 Nxe5 15. Qf4 Nfd7 16. Qh4 Nxf3+ 17. Bxf3 Re5 18. Nd5 Bxd5 19. exd5 Qe8
20. Kf1 b5 21. a5 f5 22. b4 Qf7 (22... Rxe1+ $11 23. Rxe1 Ne5) 23. c4 $14 bxc4
24. Qxc4 Rxe1+ 25. Rxe1 Ne5 26. Qb3 (26. Qc3 $16) 26... Rb8 $1 $11 27. Bd1 f4
$1 {White must now prevent ...h6.} 28. Bh4 Qf5 {Strongly threatening ...g5.}
29. Bc2 $2 {[#]} (29. f3 $11) 29... Qh5 $1 $36 {Black is in control.} 30. Be7
f3 ({Black should try} 30... Re8 $17 31. Bd1 f3 32. Bxf3 Qh6) 31. Re4 $15 g5 $1
32. Qe3 h6 {...Re8 is the strong threat.} 33. h4 $2 (33. Rc4 $1 $11 Nxc4 34.
Qe6+ Kh8 35. Qf5) 33... Re8 $19 34. b5 $2 (34. Bxg5 hxg5 35. Qxg5 fxg2+ 36.
Qxg2) 34... Rxe7 35. bxa6 (35. gxf3 $142 gxh4 36. Rf4) 35... Nc4 $2 (35... Ng4
36. Rxe7 Nxe3+ 37. Rxe3 Qxh4) 36. Qd3 $2 (36. Qe1 Qxh4 37. Rxh4 Rxe1+ 38. Kxe1
gxh4 39. gxf3) 36... Rxe4 {Black is clearly winning.} 37. gxf3 Re8 {[#] And
now ...Ne3+! would win.} 38. Qh7+ Kf8 {Precision: White = 29%, Black = 54%.}
0-1

[Event "Yingmei Cup CHN-chT 2017"]
[Site "?"]
[Date "2017.08.19"]
[Round "13"]
[White "Gu, Tianlu"]
[Black "Ju, Wenjun"]
[Result "1/2-1/2"]
[WhiteElo "2180"]
[BlackElo "2578"]
[Annotator "TA"]
[PlyCount "109"]
[EventDate "2017.??.??"]
[SourceTitle "Wuxi"]

1. e4 e6 2. d4 d5 3. Nd2 c5 4. Ngf3 cxd4 5. Nxd4 Nf6 6. exd5 Qxd5 7. Nb5 {
C07: French Tarrasch: 3...c5, 4 Ngf3 and 4 exd5 Qxd5} Na6 8. Nc3 Qd6 9. a3 Bd7
10. Qf3 Bc6 {LiveBook: 3 Games} 11. Bb5 $146 ({Predecessor:} 11. Qe3 Be7 12.
Nc4 Qc7 13. Qg3 Qxg3 14. hxg3 Ne4 {1-0 (53) Navara,D (2737) -Svane,R (2552)
Germany 2016}) 11... Qe5+ 12. Qe2 (12. Nde4 $5 Nxe4 13. Bxc6+ bxc6 14. Qxe4
Qxe4+ 15. Nxe4 $11) 12... Qxe2+ 13. Kxe2 Bxb5+ 14. Nxb5 Be7 15. c4 O-O 16. b4
Rfc8 17. Bb2 b6 18. Rac1 Nb8 19. Nb3 a5 20. bxa5 bxa5 21. a4 Nfd7 22. Rhd1 Nb6
23. c5 Nxa4 24. Ba3 {[#] Black must now prevent Rc4.} Nc6 $36 {Black has the
initiative.} 25. Rc4 (25. Nd6 $11 Rd8 26. Nd4) 25... Rcb8 $15 26. N3d4 Nxd4+
27. Nxd4 Nb2 28. Bxb2 Rxb2+ 29. Rd2 {[#]} Rb4 ({Better is} 29... Rb1 $1 $17)
30. Rdc2 (30. Rxb4 $11 {remains equal.} axb4 31. Rc2) 30... Bf6 (30... Rb1 $17)
31. Rxb4 $1 $11 axb4 {Endgame KRB-KRN} 32. Nb3 (32. Rc4 $1 $11) 32... Kf8 $15
33. Kd3 Ke7 34. Kc4 Bc3 $1 35. Nc1 Rb8 ({Black should try} 35... Kd7 $15) 36.
Ra2 $11 Rb7 37. Ra4 Bd2 38. Nb3 Be1 39. f3 Rc7 {The position is equal.} 40. Nc1
Kd7 41. Nd3 Bc3 42. Nxb4 Bxb4 43. Rxb4 {KR-KR} Ra7 44. Rb2 Kc6 45. Rb6+ Kc7 46.
Rb2 h5 47. g3 Kc6 48. Rb6+ Kc7 49. Rb2 Ra6 50. f4 Kc6 51. h4 Kc7 52. Rb3 Kc6
53. Rb2 Kc7 54. Rb3 Kc6 55. Rb2 {Precision: White = 61%, Black = 66%.} 1/2-1/2

[Event "Yingmei Cup CHN-chT 2017"]
[Site "?"]
[Date "2017.08.19"]
[Round "13"]
[White "Chu, Ruotong"]
[Black "Lagno, Kateryna"]
[Result "1/2-1/2"]
[WhiteElo "2167"]
[BlackElo "2540"]
[Annotator "TA"]
[PlyCount "76"]
[EventDate "2017.??.??"]
[SourceTitle "Wuxi"]

1. d4 Nf6 2. c4 g6 3. Nc3 d5 4. Bf4 Bg7 5. e3 O-O 6. Rc1 Be6 {D83: Grünfeld:
4 Bf4 Bg7 5 e3 0-0} 7. Qb3 c5 8. Qxb7 Qb6 9. Qxb6 axb6 10. Nf3 dxc4 11. dxc5 {
LiveBook: 15 Games. The position is equal.} bxc5 12. Ng5 Bd5 $1 13. Rd1 h6 (
13... Bb7 {looks sharper.} 14. Bxc4 Nbd7 15. Nd5 Nxd5 16. Bxd5 Bxd5 17. Rxd5
Nf6) 14. Nxd5 Nxd5 15. Rxd5 {[#] aiming for Ne4.} hxg5 {[#]} 16. Bxb8 $146 ({
Find the theoretical novelty and annotate with similar games:} 16. Bxg5) 16...
Rfxb8 17. Bxc4 Rxb2 {...Bc3+ is the strong threat.} 18. O-O Rc2 19. Rxc5 {
[#] Strongly threatening Bxf7+!} Raxa2 20. Rc8+ Bf8 $1 21. Rxf8+ (21. Bxa2 {
seems wilder.} Rxc8 22. h3 Rc2 23. Bb3 Rb2 24. Bc4) 21... Kxf8 22. Bxa2 Rxa2
$11 {Endgame KR-KR} 23. g4 Ra4 24. h3 f5 25. gxf5 gxf5 26. f4 Kg7 27. fxg5 Kg6
28. Rf4 Ra1+ 29. Kf2 e5 30. Rb4 Kxg5 31. h4+ Kh5 32. Rb5 Kxh4 33. Rxe5 Kg4 34.
Rb5 Ra2+ 35. Kf1 Rc2 (35... f4 $5 36. Rb4 Kf3 37. Rxf4+ Kxe3 $11) 36. Ra5 Rb2
37. Rc5 Kf3 {( -> ...Rb1+)} 38. Rxf5+ Kxe3 {Precision: White = 98%, Black =
82%.} 1/2-1/2

[Event "Yingmei Cup CHN-chT 2017"]
[Site "?"]
[Date "2017.08.19"]
[Round "13"]
[White "Peng, Hongchi"]
[Black "Andriasian, Zaven"]
[Result "1/2-1/2"]
[WhiteElo "2141"]
[BlackElo "2599"]
[Annotator "TA"]
[PlyCount "104"]
[EventDate "2017.??.??"]
[SourceTitle "Wuxi"]

1. e4 d6 2. d4 Nf6 3. Nc3 g6 4. Nf3 Bg7 5. Be2 O-O 6. O-O c6 7. a4 Qc7 8. h3 e5
9. Re1 Nbd7 10. Bf1 Re8 {LiveBook: 18 Games. B08: Pirc Defence: Classical
System} 11. dxe5 dxe5 12. Bc4 $146 ({Find the theoretical novelty and annotate
with similar games:} 12. Be3 Bf8 13. Bc4 Nb6 14. Bb3 Be6 15. Bxe6 Rxe6 16. Nd2
Rd8 17. Qe2 Bb4 18. Ncb1 {1/2-1/2 (80) Mohr,G (2523)-Jaracz,P (2516) Bled 2002}
) 12... Nf8 13. a5 Be6 14. Qe2 Nh5 15. Be3 Qe7 16. Bxe6 Nxe6 17. Qc4 a6 18. g3
Kh8 19. Rad1 f5 {Threatening ...f4.} 20. exf5 (20. Bb6 $5) 20... gxf5 21. Bb6
e4 22. Nd4 Nxd4 23. Bxd4 Rad8 24. Ne2 Bxd4 25. Rxd4 Rxd4 26. Qxd4+ Nf6 27. Rd1
Kg7 28. b4 Qe5 29. Nf4 (29. c4 {with more complications.} Kf7 30. Kf1 Qe7 31.
Qd6 Qxd6 32. Rxd6 Re6 33. Rd8) 29... Qxd4 30. Rxd4 $11 {Endgame KRN-KRN} e3 {
[#] aiming for ...e2.} 31. Kf1 exf2 32. Kxf2 Kf7 33. Nd3 Ne4+ {The position is
equal.} 34. Kg2 Re7 35. Nf4 Kf6 36. Rd3 Ke5 37. c3 Rg7 38. Ne2 Rg6 39. Rf3 Rd6
40. Re3 Rd2 41. Kf3 Kf6 42. g4 Ng5+ 43. Kg3 Ne6 44. gxf5 Kxf5 45. Kf3 {[#]
Black must now prevent Ng3+.} Ng5+ 46. Kg3 Ne6 (46... c5 $5) 47. Kf3 Ng5+ 48.
Kg3 Ne6 (48... c5 $5) 49. Kf3 {Hoping for Ng3+.} Ng5+ 50. Kg3 Ne4+ (50... c5 $5
) 51. Kf3 Ng5+ 52. Kg3 c5 {Precision: White = 58%, Black = 46%.} 1/2-1/2

[Event "Yingmei Cup CHN-chT 2017"]
[Site "?"]
[Date "2017.08.19"]
[Round "13"]
[White "Liu, Shilan"]
[Black "Zhai, Mo"]
[Result "0-1"]
[WhiteElo "2069"]
[BlackElo "2317"]
[Annotator "TA"]
[PlyCount "90"]
[EventDate "2017.??.??"]
[SourceTitle "Wuxi"]

1. e4 c5 2. Nf3 d6 3. d4 cxd4 4. Nxd4 Nf6 5. Nc3 a6 6. Be2 e5 7. Nf3 Be7 8. Bg5
Be6 {[%emt 0:00:06] B92: Sicilian Najdorf: Be2} (8... Nbd7 9. a4 O-O 10. Nd2
Nc5 11. Bxf6 Bxf6 12. Nc4 Be7 13. a5 Rb8 14. Nb6 Nd7 15. Ncd5 Nxb6 16. Nxb6 Be6
{1-0 (52) Vachier Lagrave,M (2791)-Nepomniachtchi,I (2742) Saint Louis 2017})
9. Bxf6 Bxf6 10. Nd5 {LiveBook: 4 Games} Nd7 {The position is equal.} 11. O-O
Rc8 12. c4 O-O 13. b3 $146 ({Predecessor:} 13. Re1 g6 14. Qd2 Bg7 15. Rad1 Nb6
16. Nxb6 Qxb6 17. b3 Rcd8 18. Qd3 Bh6 {1-0 (83) Parkanyi,A (2424)-Varadi,V 
(2345) Hajduszoboszlo 2001}) 13... Re8 (13... Bxd5 $5 14. Qxd5 Qb6 $11) 14. Re1
g6 (14... Bxd5 $5 15. Qxd5 Qb6 $11) 15. Nxf6+ Nxf6 16. Bf1 Qc7 17. h3 Bd7 18.
Rc1 Bc6 19. Bd3 Nh5 20. g3 a5 21. Nh2 Qb6 22. Re3 Bd7 23. Bf1 Nf6 24. a4 Be6
25. Bg2 Nd7 26. h4 h5 27. Qf1 Nc5 28. Rcc3 Kg7 29. Nf3 Bg4 30. Nd2 Rf8 31. f3
f5 32. exf5 Bxf5 33. Qe1 ({White should play} 33. Qf2 $15) 33... Nd3 $1 $36 {
Black has strong initiative.} 34. Qe2 Nb4 35. Ne4 (35. Nf1 $142) 35... d5 $1
$19 36. c5 {[#]} Qa6 $1 37. Nd6 {[#] Hoping for Qe1.} d4 $1 38. Qe1 dxe3 39.
Qxe3 {[#]} Rce8 $1 {And now ...Nd5 would win.} 40. f4 (40. Bf1 $142 Qa8 41. Bb5
) (40. Nxe8+ Rxe8) 40... Re7 {Black is clearly winning.} 41. fxe5 Nc6 42. Rc4
Kh7 43. Qf4 Qa8 44. Rc1 {[#]} Bh3 $1 45. Qd4 (45. Bxh3 Rxf4) 45... Nxd4 {
Precision: White = 36%, Black = 73%.} 0-1

[Event "Yingmei Cup CHN-chT 2017"]
[Site "?"]
[Date "2017.08.19"]
[Round "13"]
[White "Sun, Fanghui"]
[Black "Zhang, Xiaowen"]
[Result "0-1"]
[WhiteElo "2068"]
[BlackElo "2327"]
[Annotator "TA"]
[PlyCount "126"]
[EventDate "2017.??.??"]
[SourceTitle "Wuxi"]

1. e4 e6 2. d3 d5 3. Nd2 c5 4. Ngf3 Nc6 5. g3 Bd6 6. Bg2 Nge7 7. O-O O-O 8. Re1
Bc7 9. a4 {A08: King's Indian Attack} (9. c3 b6 10. a3 a5 11. a4 Ba6 12. Qc2
Ng6 13. exd5 exd5 14. Nb3 Nce5 15. Nxe5 Nxe5 16. Rd1 Rc8 17. d4 Nd3 18. Rxd3
Bxd3 19. Qxd3 {1-0 (28) Ivanchuk,V (2747)-Korobov,A (2692) Doha 2016}) 9... b6
{LiveBook: 3 Games} 10. exd5 exd5 11. d4 {Black has an edge.} Bg4 ({Much worse
is} 11... Nxd4 $6 12. Nxd4 cxd4 13. Nb3 $16) 12. h3 $146 ({Predecessor:} 12.
dxc5 bxc5 13. Nb3 c4 14. Nbd4 Bb6 15. Be3 Rb8 16. Qd2 Bxf3 17. Bxf3 Nxd4 18.
Bxd4 Bxd4 19. Qxd4 {1/2-1/2 (47) Pacher,M (2493)-Lizak,P (2445) Austria 2016})
12... Bh5 (12... Bf5 $5 13. c3 cxd4 $11) 13. dxc5 bxc5 14. Nb3 Bd6 15. c3 Rb8
16. a5 (16. Be3 $11) 16... Qc7 $1 $17 17. Be3 ({White should try} 17. g4 Bg6
18. Nh4) 17... c4 (17... Ne5 $1 $17 18. g4 Nxf3+ 19. Bxf3 Bg6) 18. Nbd4 $11
Bxf3 19. Bxf3 Ne5 20. Re2 Nxf3+ 21. Nxf3 Rb5 22. Qd4 (22. Qa4 $11 Rbb8 23. Rf1)
22... Nf5 $1 $36 {Black is more active.} 23. Qg4 (23. Qxa7 $15 Rb7 24. Qa6)
23... Nxe3 $17 24. Rxe3 Rxb2 25. Nd4 Bc5 26. Nf5 (26. Qf3 $17) 26... g6 $19 27.
Rf3 Kh8 28. Qh4 {White wants to mate with Qf6+.} Qe5 ({Stronger than} 28...
gxf5 29. Qf6+ Kg8 30. Qg5+ Kh8 31. Qf6+ Kg8 32. Qg5+ Kh8 33. Qf6+ $11) 29. Nd4
Bxd4 30. cxd4 Qe6 31. Re3 Qf5 32. Rf1 Kg7 33. Re5 (33. Qe7 $17 {was worth a
try.}) 33... Qf6 ({Better is} 33... Qd3 $19 {White must now prevent ...c3.} 34.
Qf4 c3) 34. Qxf6+ $17 Kxf6 35. Rxd5 {Endgame KRR-KRR} Rc8 $1 36. Rc1 c3 (36...
Ke6 $1 $17 37. Re5+ Kd6) 37. Kf1 $15 Ke6 (37... Ra2 $17) 38. Re5+ $11 Kd6 39.
Re3 (39. Rc5 $1 $11 Rxc5 40. dxc5+ Kxc5 41. Rxc3+ Kd6 42. Rd3+ Kc7 43. Rc3+ Kd6
44. Rd3+ Ke6 45. Re3+ Kd6 46. Rd3+) 39... c2 $17 40. Ke2 Ra2 41. Re5 Rc4 42.
Rb5 Rxd4 43. Rb7 Re4+ $1 44. Kd3 Re7 $1 45. Rb5 Kc6 46. Rb4 Rd7+ 47. Ke3 {[#]}
(47. Kc3 $17) 47... Kc5 $1 $19 ({Don't take} 47... Rxa5 48. Rxc2+ Rc5 49. Rcb2
$17) 48. Rb8 {[#]} Kc4 $1 49. Rc8+ Kb3 50. Rb8+ Ka4 51. Rc8 Kxa5 52. R1xc2 Rxc2
53. Rxc2 {KR-KR} Kb4 54. Rc8 a5 55. Rb8+ Kc5 56. g4 (56. Rc8+ $142 Kb4 57. Rb8+
Ka3 58. Rc8) 56... Ra7 57. Rc8+ Kd6 58. Rc3 $2 (58. Rd8+ {was the only defense.
} Ke5 59. Re8+ Kf6 60. Kd3) 58... a4 59. Ra3 $2 (59. Kd4 a3 60. Rc1) 59... Kc5
60. Kd3 Kb4 61. Ra1 Rd7+ (61... a3 $142 62. Kc2 Rc7+ 63. Kd2 Rc3 64. Rb1+ Kc4)
62. Kc2 Rc7+ 63. Kd2 $2 (63. Kb2 {was the only chance.}) 63... a3 {Precision:
White = 43%, Black = 57%.} 0-1

[Event "Yingmei Cup CHN-chT 2017"]
[Site "?"]
[Date "2017.08.19"]
[Round "13"]
[White "Hong, Xing"]
[Black "Ning, Kaiyu"]
[Result "0-1"]
[WhiteElo "1982"]
[BlackElo "2131"]
[Annotator "TA"]
[PlyCount "136"]
[EventDate "2017.??.??"]
[SourceTitle "Wuxi"]

1. e4 e6 2. d4 d5 3. Nc3 dxe4 4. Nxe4 Bd7 5. Nf3 Bc6 6. Bd3 Nd7 7. O-O Ngf6 8.
Neg5 Bd6 9. Qe2 {C10: French with 3 Nc3: Unusual Black 3rd moves and 3...dxe4}
(9. Re1 h6 10. Nh3 Be7 11. c4 g5 12. d5 exd5 13. Nd4 Nc5 14. b3 Nxd3 15. Qxd3
dxc4 16. Qxc4 Be4 17. Bb2 {1/2-1/2 (79) Sethuraman,S (2623)-Paravyan,D (2525)
Moscow 2017}) 9... h6 {LiveBook: 4 Games} 10. Nxe6 $146 ({Much worse is} 10.
Nxf7 Kxf7 11. Re1 Re8 $17) ({White should play} 10. Ne4 $11) ({Predecessor:} 
10. Nh3 Bxf3 11. Qxf3 c6 12. Bf4 Qc7 13. Qg3 Bxf4 14. Qxf4 Qxf4 15. Nxf4 O-O-O
16. Rfd1 c5 {1-0 (51) Rogers,N (2264)-Dableo, R (2440) Minneapolis 2005}) 10...
fxe6 $15 (10... Bxf3 $6 11. Nxg7+ Kf8 12. Ne6+ $1 fxe6 13. Qxf3 $11) 11. Bg6+ {
Black is slightly better.} Ke7 12. Nh4 (12. Ne5 $15) 12... Nf8 $17 13. c4 Nxg6
14. Nxg6+ Kf7 $1 15. Nxh8+ Qxh8 16. Re1 Qe8 17. Qc2 Qd7 18. Bd2 Nh5 (18... Ng4
$17 19. h3 Bh2+ 20. Kh1 Qxd4) 19. Rad1 (19. Qd1 $1 $11 {remains equal.} Nf6 20.
f3) 19... Nf4 20. Bxf4 Bxf4 21. d5 (21. b4 $142 a6 22. Qe2) 21... exd5 22. cxd5
Bb5 $1 23. Re6 (23. Rd4 $17 Bd6 24. a4) 23... Bd6 $4 (23... Kg8 $19 {avoids
the disaster. Threatens to win with ...Qf7.} 24. Re4 Qf7) 24. b3 $4 (24. Qh7
$18) 24... Kg8 $19 25. a4 Ba6 26. Rde1 Qf7 27. R1e3 (27. Qe4 {was called for.})
27... Qh5 28. h3 Rf8 ({Weaker is} 28... Qxd5 29. Rxh6 $1 gxh6 30. Qg6+ Kh8 31.
Qxh6+ Kg8 32. Qg6+ Kf8 33. Qh6+ Kf7 34. Qh7+ Kf6 35. Qh6+ Kf7 36. Qh7+ Kf6 37.
Qh6+ Kf7 $11) 29. Qe4 Qf5 30. Rf3 Qxe4 31. Rxf8+ Kxf8 32. Rxe4 Bd3 33. Re3 Bc2
34. Kf1 b6 35. f3 a5 36. Ke2 g5 37. Rc3 Bg6 38. Kf2 Bc5+ 39. Kg3 h5 40. h4
gxh4+ 41. Kxh4 Kf7 42. Kg5 Be7+ 43. Kf4 Kf6 44. g4 {Strongly threatening g5+.}
Bd6+ 45. Ke3 hxg4 46. fxg4 Ke5 47. g5 Kxd5 48. Rc1 c6 49. Rf1 Bc2 50. Kd2 Bxb3
51. g6 {[#]} Be5 $1 ({But not} 51... Bxa4 $2 52. g7 $18) 52. Rf7 $2 (52. Rg1 {
keeps fighting.}) 52... Bxa4 $2 (52... Kc5 53. Re7 Bd4) 53. Kd3 $2 (53. g7 Bxg7
54. Rxg7) 53... Bb3 54. g7 {[#]} Bxg7 $1 55. Rxg7 {Endgame KR-KB} Kc5 $2 (55...
Bc4+ 56. Kc3 b5) 56. Kc3 a4 57. Rg5+ {[#]} Bd5 $1 58. Rg4 $2 (58. Kb2 $19)
58... b5 59. Rh4 Kb6 60. Rh5 Ka5 61. Rh4 Bf7 (61... a3 $142 62. Kc2 b4 63. Kb1
b3 64. Rd4 Kb5 65. Rd1 Be4+ 66. Ka1 c5 67. Re1 b2+ 68. Ka2 b1=Q+ 69. Rxb1+
Bxb1+ 70. Kxa3 c4 71. Kb2 Bf5 72. Kc3 Bh7 73. Kb2 Kb4 74. Kc1 c3 75. Kd1 Bf5
76. Ke2 Kb3 77. Kf3 c2 78. Kf4 Bh7 79. Ke5 c1=Q 80. Kd6 Qe3 81. Kd7 Bf5+ 82.
Kd6 Kb4 83. Kc7 Qa7+ 84. Kc6 Kc4 85. Kd6 Qc5#) 62. Rf4 Bb3 63. Rf5 Be6 (63...
Bd5 $142 64. Rh5 b4+ 65. Kb2 a3+ 66. Kb1 b3 67. Re5 Kb4 68. Re3 Kc4 69. Re8 Kc3
70. Re3+ Kd4 71. Re1 Be4+ 72. Ka1 b2+ 73. Ka2 b1=Q+ 74. Rxb1 Bxb1+ 75. Kxa3 Kc3
76. Ka4 c5 77. Kb5 c4 78. Ka5 Kb3 79. Kb6 c3 80. Kc5 c2 81. Kd6 c1=Q 82. Ke5
Qh6 83. Kd5 Qf6 84. Kc5 Qe7+ 85. Kc6 Kb4 86. Kd5 Kb5 87. Kd4 Qc5#) 64. Re5 Bd5
65. Rh5 a3 {Black mates.} 66. Kc2 b4 67. Kb1 b3 68. Rh8 Be4+ {Precision: White
= 27%, Black = 71%.} 0-1

[Event "Yingmei Cup CHN-chT 2017"]
[Site "?"]
[Date "2017.08.20"]
[Round "14"]
[White "Yu, Yangyi"]
[Black "Zhou, Jianchao"]
[Result "1-0"]
[WhiteElo "2750"]
[BlackElo "2613"]
[Annotator "TA"]
[PlyCount "68"]
[EventDate "2017.??.??"]
[SourceTitle "Wuxi"]

1. e4 d6 2. d4 Nf6 3. Nc3 g6 4. Nf3 Bg7 5. Be2 O-O 6. O-O a6 7. a4 Nc6 8. d5 {
B08: Pirc Defence: Classical System} (8. h3 e5 9. dxe5 dxe5 10. Bg5 Be6 11. Be3
Qe7 12. Qc1 Rad8 13. Rd1 Rxd1+ 14. Bxd1 Rd8 15. a5 Qf8 16. Nd2 h6 {1/2-1/2 (42)
Gustafsson,J (2626) -Wang,H (2690) Bangkok 2017}) 8... Nb4 {LiveBook: 24 Games}
9. Bg5 h6 10. Be3 {The position is equal.} e6 11. a5 exd5 $146 ({Predecessor:} 
11... Ng4 12. Bd2 exd5 13. exd5 Bf5 14. Ra4 c5 15. dxc6 Nxc6 {1-0 (30) Romanov,
E (2577)-Ben Artzi,I (2397) Golden Sands 2015}) 12. exd5 Bf5 13. Nd4 Bd7 14.
Bf3 Rb8 15. Qd2 Kh7 16. h3 c5 17. dxc6 $1 bxc6 18. Nde2 c5 19. Bf4 (19. Rfd1 {
keeps more tension.} Rc8 20. Qxd6 Nxc2 21. Qxa6 Re8 22. Bb7) 19... Bf5 (19...
Ne8 $11 {remains equal.}) 20. Qxd6 $16 ({Reject} 20. Bxd6 $6 Ne8 $11) 20...
Nxc2 (20... Rc8 $16 {is a better defense.}) 21. Qxb8 $18 Qxb8 22. Bxb8 Rxb8 23.
Rad1 Rxb2 24. g4 Nd4 25. Nxd4 cxd4 26. gxf5 dxc3 27. fxg6+ fxg6 (27... Kxg6 {
was necessary.} 28. Rd6 Kf5) 28. Rd6 Ra2 29. Rxa6 h5 30. Ra7 Kh6 31. a6 c2 (
31... g5 $142 32. Re1 c2) 32. Rc1 Nh7 $2 {[#]} (32... h4 33. Kf1 Nh5 34. Bxh5
gxh5) 33. Bd5 Ra5 34. Bg8 Nf6 {Precision: White = 96%, Black = 44%.} 1-0

[Event "Yingmei Cup CHN-chT 2017"]
[Site "?"]
[Date "2017.08.20"]
[Round "14"]
[White "Li, Chao b"]
[Black "Ni, Hua"]
[Result "1/2-1/2"]
[WhiteElo "2735"]
[BlackElo "2674"]
[Annotator "TA"]
[PlyCount "87"]
[EventDate "2017.??.??"]
[SourceTitle "Wuxi"]

1. d4 Nf6 2. c4 e6 3. Nc3 Bb4 4. Qc2 O-O 5. e4 d5 6. e5 Ne4 7. Bd3 c5 8. Nge2 {
E32: Nimzo-Indian: Classical (4 Qc2): 4...0-0} cxd4 9. Nxd4 Nd7 10. Bf4 Qh4 11.
g3 Qh5 12. O-O g5 {LiveBook: 22 Games} 13. cxd5 Nxc3 14. dxe6 gxf4 15. exd7
Bxd7 {[#] aiming for ...Ba4.} 16. bxc3 Rac8 {[#]} 17. Qd1 $146 ({Predecessor:} 
17. Bf5 fxg3 18. hxg3 Bxc3 19. Bxd7 Bxa1 20. Bxc8 Bxd4 21. Bxb7 Qxe5 {1/2-1/2 
(21) Stocek,J (2557)-Vitiugov,N (2724) Czech Republic 2016}) 17... Qxd1 18.
Raxd1 Bxc3 19. Bf5 Rcd8 {[#] Strongly threatening ...Bxd4.} 20. Bxd7 Rxd7 21.
Nf5 Rxd1 22. Rxd1 Bxe5 $14 {Endgame KRB-KRN} 23. Rd7 a5 24. Rxb7 fxg3 25. hxg3
Rb8 26. Ra7 Bc3 $1 27. Nh6+ Kg7 28. Nxf7 Bd4 29. Rd7 Bxf2+ $1 30. Kxf2 {
And now Ne5+ would win. KRN-KR} Rf8 31. Rd5 Rxf7+ {KR-KR} 32. Kg2 Ra7 33. a4
Ra6 34. g4 Kg6 35. Kf3 h6 36. Kf4 ({White should try} 36. Kg3 $14) 36... Rf6+
$11 {The position is equal.} 37. Kg3 Rf1 38. Rxa5 Rg1+ 39. Kf3 Rf1+ 40. Kg2 Ra1
41. Kf3 Rf1+ 42. Ke4 Rg1 43. Kf3 Rf1+ 44. Ke4 {Precision: White = 84%, Black =
87%.} 1/2-1/2

[Event "Yingmei Cup CHN-chT 2017"]
[Site "?"]
[Date "2017.08.20"]
[Round "14"]
[White "Malakhov, Vladimir"]
[Black "Lan, Zilun"]
[Result "1/2-1/2"]
[WhiteElo "2714"]
[BlackElo "2357"]
[Annotator "TA"]
[PlyCount "128"]
[EventDate "2017.??.??"]
[SourceTitle "Wuxi"]

1. e4 c6 2. d4 d5 3. exd5 cxd5 4. Bd3 Nf6 5. c3 g6 6. Bf4 {B13: Caro-Kann:
Exchange Variation and Panov-Botvinnik Attack} Bf5 7. Bxf5 gxf5 8. Nf3 Nc6 9.
Ne5 {LiveBook: 8 Games} (9. Nbd2 Rg8 10. O-O Nh5 11. Bg3 Nxg3 12. hxg3 e6 13.
c4 Qd7 14. a3 Rg4 15. Rc1 Rd8 {1/2-1/2 (50) Ponizil,C (2510)-Laznicka,V (2654)
Pardubice 2016}) 9... Qb6 10. Qe2 $146 ({Predecessor:} 10. Qb3 Bg7 11. h3 O-O
12. O-O Nh5 13. Bh2 Nxe5 14. dxe5 {1/2-1/2 (23) Koskoska,G (2155)-Thipsay,B 
(2210) Moscow 1994}) 10... e6 11. O-O Rg8 12. Nd2 Nxe5 13. dxe5 Nd7 14. c4 ({
White should try} 14. Nb3 $14) 14... Qd4 $11 15. Qf3 (15. Qe3 $11 Qxe3 16. Bxe3
) 15... Bb4 (15... Nxe5 $6 16. Bxe5 Qxe5 17. Rfe1 $14) (15... Rd8 $15) 16. Be3
{[#]} (16. cxd5 $1 $11 {keeps the balance.} Bxd2 17. dxe6 fxe6 18. Bxd2) 16...
Qh4 ({But not} 16... Qxe5 $6 17. cxd5 Bd6 18. g3 $11) ({Don't play} 16... Qxb2
$6 17. Rab1 $14) ({Black should play} 16... Qd3 $1 $17 17. Bf4 Qxf3 18. Nxf3
dxc4) 17. cxd5 Nxe5 18. Qe2 $1 Bxd2 19. Bxd2 Qe4 20. Qxe4 fxe4 21. Bc3 Nd3 22.
dxe6 f5 23. f3 $1 e3 (23... Rg6 $1 $14) 24. f4 (24. Rfd1 $16 Nf4 25. g3) 24...
e2 25. Rfe1 (25. Rf3 {feels hotter.} Rd8 26. g3 Ne5 27. fxe5 Rd1+ 28. Kf2)
25... Nxe1 26. Rxe1 {Endgame KRR-KRB} Rc8 27. Rxe2 Rc4 28. Rd2 Rg6 ({Not} 28...
Rxf4 29. Bf6 Rxg2+ 30. Kxg2 Rg4+ 31. Kh3 Rd4 32. Rxd4 h6 33. Rd8#) 29. Rd7 Rxe6
30. Rxb7 Re7 31. Rb8+ Kf7 32. Be5 Rd7 33. h4 Rc2 34. h5 Rdd2 {Black has
compensation.} 35. Rb7+ Ke6 36. Rg7 $1 a5 37. a4 Kd5 38. h6 Re2 39. Bc3 Ke4 40.
Bxa5 Rxb2 41. Bc7 Rb1+ 42. Kh2 Ree1 {Strongly threatening ...Rh1+.} 43. Re7+
Kd5 44. Rxh7 Rh1+ 45. Kg3 Rb7 46. Re7 $1 Rxh6 {Hoping for ...Kc6.} 47. Re5+ Kd4
48. Bd8 Rg6+ 49. Kh2 Rb2 50. Kh3 $1 Rgxg2 {[#]} 51. Bb6+ $1 Kc4 {Threatens to
win with ...Rg6.} (51... Rxb6 52. Kxg2) 52. a5 Rh2+ 53. Kg3 Rh5 54. Rc5+ Kd3
55. Rd5+ Ke2 56. Bf2 Rb3+ 57. Kg2 Rb4 58. a6 {aiming for a7.The position is
equal.} Rxf4 (58... Rh8 $5 59. Re5+ Re4 60. Rxf5 Rg8+ 61. Rg5 Rxg5+ 62. fxg5
Rg4+ 63. Kh3 Ra4 $11) 59. Re5+ Re4 60. a7 Rh8 61. Rxf5 Rg8+ 62. Bg3 Re3 63.
Rf2+ Kd3 64. Rf3 Rxf3 {Precision: White = 68%, Black = 56%.} 1/2-1/2